Rajčaťáci a Banáni /

Originální příběh party dětí souzní s autorovým konceptem "fyzického básnictví".

Hlavní autor: Váša, Petr, 1965-
Další autoři: Rutová, Magdalena, 1988-
Jazyk: Čeština
Vydáno: Brno : Host, 2023
Vydání: První vydání
Témata:
Fyzický popis: 213 stran : ilustrace (některé barevné) ; 18 cm
Knihy
Uloženo v:
LEADER 02360nam a2200457 i 4500
001 nkc20233509344
003 CZ PrNK
005 20230615135308.0
007 ta
008 230328s2023 xr a c 000 j cze
015 |a cnb003509344 
020 |a 978-80-275-1452-6  |q (vázáno) 
035 |a (OCoLC)1389730502 
040 |a ABG001  |b cze  |e rda 
072 7 |a 821.162.3-3  |x Česká próza  |2 Konspekt  |9 25 
072 7 |a 821-93  |x Literatura pro děti a mládež (beletrie)  |2 Konspekt  |9 26 
080 |a 821.162.3-32  |2 MRF 
080 |a 821-93  |2 MRF 
080 |a (0:82-32)  |2 MRF 
100 1 |a Váša, Petr,  |d 1965-  |7 jn20000402649  |4 aut 
245 1 0 |a Rajčaťáci a Banáni /  |c Petr Váša ; ilustrovala Magdalena Rutová 
250 |a První vydání 
264 1 |a Brno :  |b Host,  |c 2023 
300 |a 213 stran :  |b ilustrace (některé barevné) ;  |c 18 cm 
336 |a text  |b txt  |2 rdacontent 
337 |a bez média  |b n  |2 rdamedia 
338 |a svazek  |b nc  |2 rdacarrier 
520 2 |a Originální příběh party dětí souzní s autorovým konceptem "fyzického básnictví".  |b Káj, Metéte, Kája a Zrz. Čtyři kamarádi, kteří si říkají Strážci ráje. Setkávají se v zahradě a to, co společně zaslechnou, je trochu zvláštní. Jako by celý svět kolem nich volal svými zvuky k jednomu velkému dobrodružství. A když se do prázdninových zážitků připlete kocour Felíny, který je možná trochu kouzelný, určitě to bude stát za to. Celou tuhle skvělou partu navíc čeká důležitý souboj s bandou Banánů, kteří rapují, stříhají videa a jsou vůbec děsně „cool“. Pomůžou ta správná slova, zvuky, gesta a pohyby Strážcům ráje velký boj vyhrát? Nakladatelská anotace. Kráceno. 
521 8 |a Pro děti od 9 let 
655 7 |a české příběhy  |7 fd133973  |2 czenas 
655 7 |a publikace pro děti  |7 fd133156  |2 czenas 
655 9 |a Czech stories  |2 eczenas 
655 9 |a children's literature  |2 eczenas 
700 1 |a Rutová, Magdalena,  |d 1988-  |7 mzk2016930624  |4 ill 
910 2 |a BOA001  |b 1-1509.153 
920 |a 4699802  |z ABG001 
990 |a BK 
995 |a 01 
991 |b 202305  |c NOV 
996 6 |b 2610939038  |c 1-1509.153  |l MZK  |r Sklad / do 1 hodiny  |n 3  |p p.v.  |w 001926209  |u 000010  |a 1  |e BOA001  |j MZK50  |s P 
996 7 |b 2610939039  |c 1-1509.153  |l MZK  |r Sklad / do 1 hodiny  |n 8  |p p.v.  |w 001926209  |u 000020  |a 1  |e BOA001  |j MZK50  |s A